Audiencias Provinciales

Bibliographic Details
Format: eBook
Language:Spanish
Subjects:
Online Access:Acceso restringido

MARC

LEADER 00000nam a22000007a 4500
005 2012012607537.0
007 cr|||| ||||
008 120126c19869999sp d||d|s|||| 0|||b spa d
035 |a 117 
040 |a vLex 
090 |c 2955  |d 2955 
245 0 0 |a Audiencias Provinciales  |h [Recurso electrn̤ico]  
256 |a Servicio en ln̕ea 
300 |a 1 recurso electrn̤ico 
500 |a Descripcin̤: Completa base de datos con sentencias de todas las Audiencias Provinciales de Espaą.  
506 1 |a Contenido solo disponible en los productos indicados  |d vLex Global   |d vLex Global (Academic Edition, excluding Law Schools)   |d vLex Global (U.S. Academic Edition, Law Schools)   |d vLex Global (U.S. Academic Edition, excluding Law Schools)   |d vLex Global (Academic Edition, Law Schools)  
610 1 4 |a Espaą.  |b Audiencias Provinciales 
650 |a Sentencias  |x Publicaciones perid̤icas 
740 0 |a vLex Jurisprudencia (Servicios en ln̕ea) 
856 4 0 |u http://vlex.com/source/jurisprudencia-ap-audiencia-provincial-117  |z Acceso restringido 
942 |c TR 
999 0 |a Jurisprudence  |b Spain